[Event "Collado Villalba op-B 35th"]
[Site "Collado Villalba ESP"]
[Date "2018.08.29"]
[Round "6.1"]
[White "Gamboa Ondono, Jesus"]
[Black "Fernandez Estremera, Fernando"]
[Result "0-1"]
[WhiteElo "1749"]
[BlackElo "1830"]
[PlyCount "82"]
[EventDate "2018.08.24"]
[EventType "swiss"]
[EventRounds "9"]
[EventCountry "ESP"]
[SourceTitle "Ajedrez en Madrid"]
[Source "lmi"]
[SourceDate "2018.08.24"]

1. c4 e5 2. g3 Bc5 3. Bg2 Nc6 4. Nc3 a6 5. e3 d6 6. a3 Ba7 7. Nge2 Be6 8. Nd5
Rb8 9. Nec3 Nce7 10. d4 exd4 11. exd4 Nf5 12. Be3 c6 13. Nf4 Nxe3 14. fxe3 Bxc4
15. Qg4 Qe7 16. Kd2 g6 17. Kc2 Nh6 18. Qf3 O-O 19. Rae1 Nf5 20. g4 Nh4 21. Qg3
Nxg2 22. Qxg2 Rfe8 23. g5 Be6 24. h4 d5 25. Nxe6 Qxe6 26. Kd2 Rbd8 27. h5 Bb8
28. Qf3 Rf8 29. Ne2 Rde8 30. Nf4 Qe4 31. Qxe4 Rxe4 32. Nh3 Rg4 33. Reg1 gxh5
34. Rxg4 hxg4 35. Nf2 g3 36. Ng4 Kg7 37. Nf6 Rh8 38. Ng4 Kg6 39. Nh6 Rf8 40.
Rf1 g2 41. Rg1 Kxg5 0-1

[Event "Collado Villalba op-B 35th"]
[Site "Collado Villalba ESP"]
[Date "2018.08.29"]
[Round "6.2"]
[White "Garcia Serrano, Jose Manuel"]
[Black "Ballina Amandi, Casimiro"]
[Result "1-0"]
[WhiteElo "1908"]
[BlackElo "1781"]
[PlyCount "37"]
[EventDate "2018.08.24"]
[EventType "swiss"]
[EventRounds "9"]
[EventCountry "ESP"]
[SourceTitle "Ajedrez en Madrid"]
[Source "lmi"]
[SourceDate "2018.08.24"]

1. e4 c5 2. d4 cxd4 3. c3 dxc3 4. Nxc3 d6 5. Bc4 e6 6. Nf3 Nc6 7. O-O Nge7 8.
Bg5 a6 9. Rc1 Qc7 10. Nd5 Nxd5 11. exd5 exd5 12. Re1+ Be6 13. Bxd5 Kd7 14.
Bxc6+ bxc6 15. Ne5+ Ke8 16. Rxc6 Qa5 17. Nf3 Kd7 18. Qc1 Bd5 19. b4 1-0

[Event "Collado Villalba op-B 35th"]
[Site "Collado Villalba ESP"]
[Date "2018.08.29"]
[Round "6.3"]
[White "Gonzalez Pinar, Adrian"]
[Black "Herrero Corada, Jose Ignacio"]
[Result "1/2-1/2"]
[WhiteElo "1593"]
[BlackElo "1764"]
[PlyCount "66"]
[EventDate "2018.08.24"]
[EventType "swiss"]
[EventRounds "9"]
[EventCountry "ESP"]
[SourceTitle "Ajedrez en Madrid"]
[Source "lmi"]
[SourceDate "2018.08.24"]

1. c4 c6 2. g3 d5 3. Nf3 Nf6 4. Bg2 Bf5 5. Qb3 Qb6 6. cxd5 Qxb3 7. axb3 cxd5 8.
Nc3 Bd7 9. d3 e6 10. O-O Be7 11. e4 dxe4 12. dxe4 Bc6 13. Nd4 a6 14. Bf4 O-O
15. Nxc6 Nxc6 16. e5 Nd7 17. Rfd1 Ndxe5 18. Bxe5 Nxe5 19. Bxb7 Rab8 20. Bxa6
Rxb3 21. Na4 Bf6 22. Ra3 Rfb8 23. Rxb3 Rxb3 24. f4 Ng6 25. Bc4 Rb8 26. b3 Be7
27. Nc3 Kf8 28. Nb5 Bc5+ 29. Kg2 Ke7 30. Nd4 Rb6 31. Nb5 Nf8 32. Ra1 Rb8 33.
Kf3 Nd7 1/2-1/2

[Event "Collado Villalba op-B 35th"]
[Site "Collado Villalba ESP"]
[Date "2018.08.29"]
[Round "6.4"]
[White "Suarez Paz, Alfonso"]
[Black "Liceras Ruiz, Manuel"]
[Result "0-1"]
[WhiteElo "1842"]
[BlackElo "1642"]
[PlyCount "140"]
[EventDate "2018.08.24"]
[EventType "swiss"]
[EventRounds "9"]
[EventCountry "ESP"]
[SourceTitle "Ajedrez en Madrid"]
[Source "lmi"]
[SourceDate "2018.08.24"]

1. e4 c5 2. Nf3 d6 3. d4 cxd4 4. Nxd4 Nf6 5. Nc3 e6 6. f3 a6 7. Be3 Be7 8. Qd2
O-O 9. O-O-O Nc6 10. h4 Nxd4 11. Bxd4 b5 12. Kb1 Bb7 13. h5 h6 14. Bd3 Nd7 15.
g4 Ne5 16. Be2 b4 17. Na4 a5 18. Nb6 Rb8 19. Bxe5 Qxb6 20. Bd4 Qc7 21. Be3 Rbc8
22. Bd3 e5 23. g5 Bxg5 24. Bxg5 hxg5 25. Qxg5 Qd8 26. Qg4 Qf6 27. Rdg1 Kh8 28.
b3 Qh6 29. Rh2 Rc7 30. Rhg2 Rg8 31. Bc4 Bc8 32. Qg5 Qxg5 33. Rxg5 Kh7 34. R5g2
Be6 35. Bxe6 fxe6 36. Rg6 Re8 37. Kb2 Rce7 38. R6g3 Rf8 39. a3 Rc8 40. axb4
axb4 41. Rd1 Rec7 42. Rg2 Rc6 43. Ra1 R8c7 44. Ra4 Rb6 45. Ra8 Re7 46. c3 bxc3+
47. Kxc3 Rc7+ 48. Kb2 Rcb7 49. Ra3 d5 50. exd5 exd5 51. Re2 Re7 52. Ra5 Rd6 53.
b4 e4 54. fxe4 dxe4 55. Rc5 Rb6 56. Kb3 e3 57. b5 Rf6 58. Rc3 Rfe6 59. Kb4 Kh6
60. Rc6 Kxh5 61. Rxe6 Rxe6 62. Kc4 Kg4 63. Kd5 Rb6 64. Rg2+ Kf3 65. Rxg7 Rxb5+
66. Kd4 Rf5 67. Re7 e2 68. Kd3 Rd5+ 69. Kc2 Rd1 70. Rf7+ Kg4 0-1

[Event "Collado Villalba op-B 35th"]
[Site "Collado Villalba ESP"]
[Date "2018.08.29"]
[Round "6.5"]
[White "Garcia Castineira, Ivan"]
[Black "Fernandez Rios, Jose Francisco"]
[Result "0-1"]
[WhiteElo "1673"]
[BlackElo "1729"]
[PlyCount "94"]
[EventDate "2018.08.24"]
[EventType "swiss"]
[EventRounds "9"]
[EventCountry "ESP"]
[SourceTitle "Ajedrez en Madrid"]
[Source "lmi"]
[SourceDate "2018.08.24"]

1. d4 Nf6 2. c4 e6 3. Bg5 Bb4+ 4. Nd2 h6 5. Bxf6 Qxf6 6. e3 c5 7. a3 Ba5 8.
Ngf3 Nc6 9. b4 cxb4 10. Nb3 bxa3+ 11. Nxa5 Nxa5 12. Rxa3 b6 13. Qb1 O-O 14. Nd2
Ba6 15. Bd3 Rfc8 16. c5 Bxd3 17. Qxd3 d6 18. Ne4 Qg6 19. O-O dxc5 20. dxc5 f5
21. Nd6 Rxc5 22. Rd1 Rd5 23. Qb1 Rxd1+ 24. Qxd1 Qf6 25. Nb5 Rd8 26. Qe2 Qe7 27.
Ra2 Qd7 28. Kf1 Qd1+ 29. Qxd1 Rxd1+ 30. Ke2 Rd7 31. Rc2 Kf7 32. f4 Ke7 33. h4
Kd8 34. h5 Nb3 35. Rb2 Nc5 36. Nd4 Ke7 37. Ra2 a5 38. Rc2 Rd6 39. Nb5 Rd7 40.
Nd4 Rc7 41. Nb5 Rb7 42. Nd4 Kd6 43. Nb5+ Kc6 44. Nd4+ Kd5 45. Nb5 Ne4 46. Nd4
b5 47. Rc6 Nc5 0-1

[Event "Collado Villalba op-B 35th"]
[Site "Collado Villalba ESP"]
[Date "2018.08.29"]
[Round "6.6"]
[White "De Dompablo Fantova, Juan"]
[Black "Munoz Morato, Miguel"]
[Result "1/2-1/2"]
[WhiteElo "1638"]
[BlackElo "1708"]
[PlyCount "56"]
[EventDate "2018.08.24"]
[EventType "swiss"]
[EventRounds "9"]
[EventCountry "ESP"]
[SourceTitle "Ajedrez en Madrid"]
[Source "lmi"]
[SourceDate "2018.08.24"]

1. e4 e6 2. d3 d5 3. Nd2 Nf6 4. Ngf3 Be7 5. g3 O-O 6. Bg2 b6 7. O-O Bb7 8. Qe2
c5 9. Re1 Nc6 10. e5 Nd7 11. Nf1 d4 12. Bf4 Nb4 13. h4 Nd5 14. Bg5 Rb8 15. N1d2
h6 16. Bxe7 Nxe7 17. Nc4 Qc7 18. Nd6 Bxf3 19. Bxf3 Nxe5 20. Qxe5 Ng6 21. Qh5
Qxd6 22. Be4 Ne7 23. Bg2 Rbe8 24. Re2 Kh8 25. Rae1 Ng8 26. Qf3 Re7 27. g4 g6
28. g5 h5 1/2-1/2

[Event "Collado Villalba op-B 35th"]
[Site "Collado Villalba ESP"]
[Date "2018.08.29"]
[Round "6.7"]
[White "Sanchez Rodenas, Jose Antonio"]
[Black "Navas Hernando, Oscar"]
[Result "0-1"]
[WhiteElo "1623"]
[BlackElo "1790"]
[PlyCount "82"]
[EventDate "2018.08.24"]
[EventType "swiss"]
[EventRounds "9"]
[EventCountry "ESP"]
[SourceTitle "Ajedrez en Madrid"]
[Source "lmi"]
[SourceDate "2018.08.24"]

1. e4 c5 2. Nf3 d6 3. d4 cxd4 4. Nxd4 Nf6 5. Nc3 a6 6. Bg5 e6 7. f4 Qc7 8. Bd3
b5 9. a3 Nbd7 10. Qd2 Bb7 11. O-O-O Rc8 12. h3 Be7 13. g4 Nc5 14. Rhe1 h6 15.
Bxf6 Bxf6 16. Nde2 g5 17. f5 Be5 18. Kb1 O-O 19. h4 Bf6 20. Ng3 Bxc3 21. bxc3
Nxd3 22. Qxd3 Qxc3 23. Re3 Qxd3 24. Rexd3 gxh4 25. Nh5 d5 26. exd5 Bxd5 27.
Nf6+ Kh8 28. Nxd5 exd5 29. Rxd5 Rc4 30. Rd6 Kg7 31. Rxa6 Rfc8 32. Rd2 Rxg4 33.
Ra7 Rc5 34. f6+ Kg6 35. Rf2 h3 36. Ra8 Kh5 37. Rf8 Rg2 38. Rf3 Kg4 39. Rf1 h2
40. Rxf7 Rg1 41. Rg7+ Rg5 0-1

[Event "Collado Villalba op-B 35th"]
[Site "Collado Villalba ESP"]
[Date "2018.08.29"]
[Round "6.8"]
[White "Karunanithi, Bharath"]
[Black "Tevar Sanz, Gonzalo"]
[Result "0-1"]
[WhiteElo "1603"]
[BlackElo "1757"]
[PlyCount "96"]
[EventDate "2018.08.24"]
[EventType "swiss"]
[EventRounds "9"]
[EventCountry "ESP"]
[SourceTitle "Ajedrez en Madrid"]
[Source "lmi"]
[SourceDate "2018.08.24"]

1. e4 d6 2. d4 Nf6 3. Nc3 Nbd7 4. Nf3 e5 5. dxe5 dxe5 6. Be3 Bb4 7. Bd3 Bxc3+
8. bxc3 O-O 9. O-O Qe7 10. Qe2 Re8 11. h3 Nc5 12. Bd2 Bd7 13. Rab1 Bc6 14. Bg5
h6 15. Bxf6 Qxf6 16. Bb5 Nxe4 17. Qe3 a6 18. Bc4 Nd6 19. Be2 Rad8 20. Rfd1 Qg6
21. Qc1 Re6 22. Rb4 f5 23. Kh2 Rde8 24. Rh4 Kh8 25. Ng5 f4 26. Nf3 Qf6 27. Rg4
Bxf3 28. gxf3 h5 29. Rg2 Nf7 30. Rdg1 g5 31. Bc4 Rc6 32. Bxf7 Qxf7 33. Qb2 g4
34. fxg4 f3 35. Rg3 h4 36. Qxb7 Rxc3 37. Qxa6 Qf4 38. g5 Qf8 39. Rg4 Qg7 40.
Rxh4+ Kg8 41. g6 Rxc2 42. Kg3 e4 43. Qa4 Qe5+ 44. Rf4 Rc5 45. Qb3+ Rd5 46. Qb4
Rd6 47. Qc4+ Rde6 48. Qb4 Rxg6+ 0-1

[Event "Collado Villalba op-B 35th"]
[Site "Collado Villalba ESP"]
[Date "2018.08.29"]
[Round "6.9"]
[White "Rodriguez del Moral, Angel"]
[Black "Bahillo Vallejo, Ignacio"]
[Result "0-1"]
[WhiteElo "1728"]
[BlackElo "1415"]
[PlyCount "68"]
[EventDate "2018.08.24"]
[EventType "swiss"]
[EventRounds "9"]
[EventCountry "ESP"]
[SourceTitle "Ajedrez en Madrid"]
[Source "lmi"]
[SourceDate "2018.08.24"]

1. d4 d5 2. Nf3 Nf6 3. Bf4 Bg4 4. Ne5 Bh5 5. c4 c6 6. Qb3 Qb6 7. c5 Qxb3 8.
axb3 e6 9. Nc3 Nbd7 10. e3 Nxe5 11. Bxe5 Bg6 12. b4 Be7 13. b5 O-O 14. Be2 Nd7
15. Bg3 f6 16. f4 e5 17. O-O exd4 18. exd4 f5 19. Rfe1 Bf6 20. Bf2 Rfe8 21. Kf1
Bf7 22. Bd3 Rxe1+ 23. Rxe1 g6 24. Ra1 Bg7 25. b4 Bf6 26. bxc6 bxc6 27. b5 Nxc5
28. dxc5 Bxc3 29. Ra3 d4 30. b6 a5 31. Bxd4 Bxd4 32. Rxa5 Rxa5 33. b7 Ra1+ 34.
Ke2 Ra2+ 0-1

[Event "Collado Villalba op-B 35th"]
[Site "Collado Villalba ESP"]
[Date "2018.08.29"]
[Round "6.10"]
[White "Castro Uceda, Jose Antonio"]
[Black "Mataix Fernandez, Ricardo"]
[Result "0-1"]
[WhiteElo "1569"]
[BlackElo "1724"]
[PlyCount "152"]
[EventDate "2018.08.24"]
[EventType "swiss"]
[EventRounds "9"]
[EventCountry "ESP"]
[SourceTitle "Ajedrez en Madrid"]
[Source "lmi"]
[SourceDate "2018.08.24"]

1. e4 e6 2. d4 d5 3. exd5 exd5 4. Nf3 Bd6 5. Bd3 Ne7 6. O-O O-O 7. Re1 Bf5 8.
Bg5 f6 9. Bh4 Bxd3 10. Qxd3 Nbc6 11. a3 Qd7 12. Nc3 a6 13. Re2 Ng6 14. Bg3 Bxg3
15. hxg3 Rae8 16. Rae1 Rxe2 17. Rxe2 Nd8 18. Nh4 Nxh4 19. gxh4 c6 20. Qe3 Kf7
21. Qf3 g6 22. h5 Re8 23. hxg6+ hxg6 24. Rxe8 Qxe8 25. Qe2 Ne6 26. Qe3 Ng5 27.
Qxe8+ Kxe8 28. f3 Ne6 29. Ne2 Kd7 30. c3 Kd6 31. Kf2 f5 32. Ke3 g5 33. g3 Nd8
34. Nc1 b6 35. Nd3 Nf7 36. f4 g4 37. Ne5 Nd8 38. b3 Ne6 39. Nf7+ Ke7 40. Ne5
Nd8 41. Kd3 Kd6 42. Ke3 Nb7 43. b4 Nd8 44. Kd3 Ne6 45. Nf7+ Ke7 46. Ne5 Kd6 47.
Ke3 c5 48. bxc5+ bxc5 49. dxc5+ Kxc5 50. Kd3 d4 51. Nd7+ Kd6 52. Nb8 dxc3 53.
Nxa6 c2 54. Kxc2 Nxf4 55. Kd2 Nh5 56. Ke3 Nxg3 57. Nb4 Nf1+ 58. Kf2 Nd2 59. Nd3
Ne4+ 60. Kg2 Nc5 61. Nf2 Ke5 62. Nd1 f4 63. Nc3 Kd4 64. Nd1 Ne4 65. a4 f3+ 66.
Kf1 g3 67. a5 Nd2+ 68. Kg1 Kc5 69. Ne3 Kb5 70. Nd1 Kxa5 71. Ne3 Kb4 72. Nd1 Kc4
73. Ne3+ Kd3 74. Nd1 Ke2 75. Nc3+ Ke1 76. Nd5 f2+ 0-1

[Event "Collado Villalba op-B 35th"]
[Site "Collado Villalba ESP"]
[Date "2018.08.29"]
[Round "6.11"]
[White "Lizon Martinez, Santiago"]
[Black "Garcia Varea, Benjamin"]
[Result "0-1"]
[WhiteElo "1715"]
[BlackElo "1576"]
[PlyCount "75"]
[EventDate "2018.08.24"]
[EventType "swiss"]
[EventRounds "9"]
[EventCountry "ESP"]
[SourceTitle "Ajedrez en Madrid"]
[Source "lmi"]
[SourceDate "2018.08.24"]

1. e4 Nf6 2. d3 Nc6 3. Nf3 e5 4. Bg5 h6 5. Bh4 Be7 6. Nc3 d6 7. Be2 Bg4 8. Bg3
O-O 9. O-O a6 10. a3 b5 11. b3 Bh5 12. Rc1 Qb8 13. Nh4 Bxe2 14. Nxe2 g6 15. c3
Qd8 16. Nf3 Nh5 17. d4 Bf6 18. Qd2 Nxg3 19. Nxg3 Bg7 20. b4 Qe7 21. d5 Na7 22.
c4 h5 23. cxb5 Nxb5 24. a4 Nd4 25. Nxd4 exd4 26. Qd3 Rfe8 27. Rfe1 h4 28. Nf1
Qd7 29. Rc6 Reb8 30. Rec1 Ra7 31. R1c4 Rab7 32. Qd2 Kh7 33. Rxa6 Qc8 34. f3 f5
35. exf5 Qxf5 36. Qf2 Qf4 37. b5 Re8 38. Rac6 0-1

[Event "Collado Villalba op-B 35th"]
[Site "Collado Villalba ESP"]
[Date "2018.08.29"]
[Round "6.12"]
[White "Mejias Gonzalez, Pedro"]
[Black "Melcon Diez, Enrique"]
[Result "1-0"]
[WhiteElo "1593"]
[BlackElo "1660"]
[PlyCount "45"]
[EventDate "2018.08.24"]
[EventType "swiss"]
[EventRounds "9"]
[EventCountry "ESP"]
[SourceTitle "Ajedrez en Madrid"]
[Source "lmi"]
[SourceDate "2018.08.24"]

1. e4 c5 2. d4 cxd4 3. c3 dxc3 4. Nxc3 Nc6 5. Bc4 g6 6. Nf3 Bg7 7. O-O Nf6 8.
e5 Ng4 9. Bxf7+ Kxf7 10. Ng5+ Ke8 11. Qxg4 Nxe5 12. Qe4 d6 13. Bf4 Qd7 14. Nd5
Nf7 15. Rfe1 Be5 16. Nxf7 Kxf7 17. Bxe5 dxe5 18. Qxe5 Re8 19. Nc7 Qf5 20. Nxa8
Be6 21. Qxf5+ Bxf5 22. Nc7 Rc8 23. Nd5 1-0

[Event "Collado Villalba op-B 35th"]
[Site "Collado Villalba ESP"]
[Date "2018.08.29"]
[Round "6.13"]
[White "Lucia Carpintero, Oscar"]
[Black "Palomares Cortez, Facundo Sebast"]
[Result "1-0"]
[WhiteElo "1659"]
[BlackElo "1486"]
[PlyCount "53"]
[EventDate "2018.08.24"]
[EventType "swiss"]
[EventRounds "9"]
[EventCountry "ESP"]
[SourceTitle "Ajedrez en Madrid"]
[Source "lmi"]
[SourceDate "2018.08.24"]

1. d4 Nf6 2. Bf4 e6 3. e3 c5 4. c3 d5 5. Nd2 Nc6 6. Bd3 b6 7. Ngf3 Bb7 8. Ne5
c4 9. Bc2 a6 10. Qf3 Bd6 11. Nxc6 Bxc6 12. Nxc4 Bxf4 13. exf4 Rc8 14. Ne5 Qe7
15. a4 b5 16. Nxc6 Rxc6 17. axb5 Rb6 18. Rxa6 Qb7 19. Rxb6 Qxb6 20. Bd3 O-O 21.
O-O Ra8 22. f5 exf5 23. Qxf5 Qd6 24. Re1 Ra2 25. Qc8+ Qf8 26. Qxf8+ Kxf8 27.
Rb1 1-0

[Event "Collado Villalba op-B 35th"]
[Site "Collado Villalba ESP"]
[Date "2018.08.29"]
[Round "6.14"]
[White "Palacios Sanchez, Victor"]
[Black "Criado Riesgo, Manuel"]
[Result "1/2-1/2"]
[WhiteElo "1449"]
[BlackElo "1665"]
[PlyCount "93"]
[EventDate "2018.08.24"]
[EventType "swiss"]
[EventRounds "9"]
[EventCountry "ESP"]
[SourceTitle "Ajedrez en Madrid"]
[Source "lmi"]
[SourceDate "2018.08.24"]

1. d4 d5 2. c4 e6 3. Nf3 Nf6 4. Nc3 Be7 5. e3 O-O 6. Bd3 dxc4 7. Bxc4 c5 8. d5
exd5 9. Nxd5 Be6 10. Nxe7+ Qxe7 11. Be2 Nc6 12. O-O Rfd8 13. Qa4 a6 14. Bd2 b5
15. Qh4 Bg4 16. Bc3 Be6 17. Ng5 h6 18. Nxe6 fxe6 19. Bf3 Nd5 20. Qxe7 Ncxe7 21.
Ba5 Rd7 22. Rad1 Nc6 23. Bb6 Nxb6 24. Rxd7 Nxd7 25. Bxc6 Ra7 26. f4 Kf7 27. g4
Nb6 28. b3 c4 29. bxc4 Nxc4 30. Kf2 Rc7 31. Bg2 Rd7 32. Re1 Nb2 33. Be4 Nd1+
34. Kf3 Nc3 35. a3 Nxe4 36. Kxe4 g5 37. Rc1 gxf4 38. exf4 Rd2 39. Rc6 Rxh2 40.
Rxa6 Re2+ 41. Kf3 Ra2 42. Ke3 Rg2 43. Kf3 Ra2 44. Ra5 Kf6 45. Ke4 Re2+ 46. Kf3
Ra2 47. Ke4 1/2-1/2

[Event "Collado Villalba op-B 35th"]
[Site "Collado Villalba ESP"]
[Date "2018.08.29"]
[Round "6.15"]
[White "Enriquez Pastor, Jorge"]
[Black "Pena Hernandez, Francisco"]
[Result "1-0"]
[WhiteElo "1430"]
[BlackElo "1622"]
[PlyCount "89"]
[EventDate "2018.08.24"]
[EventType "swiss"]
[EventRounds "9"]
[EventCountry "ESP"]
[SourceTitle "Ajedrez en Madrid"]
[Source "lmi"]
[SourceDate "2018.08.24"]

1. e4 c5 2. c4 Nc6 3. Ne2 Nf6 4. Nbc3 e5 5. d3 Be7 6. h3 d6 7. Be3 O-O 8. a3
Re8 9. Nd5 Nxd5 10. cxd5 Nd4 11. Nxd4 cxd4 12. Bd2 Bg5 13. Be2 Bd7 14. O-O Bxd2
15. Qxd2 Qb6 16. Rac1 Rac8 17. Rxc8 Rxc8 18. Rc1 Rc5 19. Rc4 h6 20. b4 Rxc4 21.
dxc4 f5 22. Qd3 f4 23. Kh2 Qd8 24. g3 Qg5 25. h4 Qf6 26. Bf1 fxg3+ 27. Qxg3 Qf4
28. Qxf4 exf4 29. Be2 g5 30. hxg5 hxg5 31. f3 Kf7 32. c5 dxc5 33. bxc5 Kf6 34.
a4 Bxa4 35. d6 Ke6 36. Bc4+ Kd7 37. e5 Bc6 38. e6+ Ke8 39. Bd3 Kf8 40. e7+ Kg7
41. Kg1 b6 42. cxb6 axb6 43. Kf2 b5 44. Be4 Bd7 45. Bf5 1-0

[Event "Collado Villalba op-B 35th"]
[Site "Collado Villalba ESP"]
[Date "2018.08.29"]
[Round "6.16"]
[White "Gallego Romero, Manuel"]
[Black "Centeno Mendoza, Julio Stefano"]
[Result "1/2-1/2"]
[WhiteElo "1406"]
[BlackElo "1574"]
[PlyCount "60"]
[EventDate "2018.08.24"]
[EventType "swiss"]
[EventRounds "9"]
[EventCountry "ESP"]
[SourceTitle "Ajedrez en Madrid"]
[Source "lmi"]
[SourceDate "2018.08.24"]

1. e4 e5 2. Bc4 Nc6 3. Nf3 Bc5 4. d3 Nf6 5. Bg5 d6 6. O-O Be6 7. Bxe6 fxe6 8.
a3 O-O 9. h3 h6 10. Bd2 Qe8 11. b4 Bb6 12. Nc3 Nd4 13. Nxd4 Bxd4 14. Ra2 Qg6
15. Ne2 Bb6 16. Be3 Nh5 17. Bxb6 axb6 18. Nc3 Nf4 19. Qg4 Rf6 20. g3 Nh5 21.
Nb5 Qf7 22. Nxc7 Nxg3 23. c4 Rf8 24. Qxg3 Qxc7 25. f3 Qf7 26. Rg2 Kh7 27. Kh2
Rg8 28. Qf2 Rf8 29. Qg3 Rg8 30. Qf2 Rf8 1/2-1/2

[Event "Collado Villalba op-B 35th"]
[Site "Collado Villalba ESP"]
[Date "2018.08.29"]
[Round "6.17"]
[White "Teran Gonzalez, Adrian"]
[Black "Marret, Constantin Pierre"]
[Result "1-0"]
[WhiteElo "1327"]
[BlackElo "1565"]
[PlyCount "45"]
[EventDate "2018.08.24"]
[EventType "swiss"]
[EventRounds "9"]
[EventCountry "ESP"]
[SourceTitle "Ajedrez en Madrid"]
[Source "lmi"]
[SourceDate "2018.08.24"]

1. d4 e6 2. c4 d5 3. Nc3 Nf6 4. Bg5 Be7 5. Nf3 c6 6. Bxf6 Bxf6 7. e4 dxe4 8.
Nxe4 Be7 9. a3 Nd7 10. c5 Nf6 11. Bd3 h6 12. Nxf6+ Bxf6 13. Bc4 b5 14. Ba2 O-O
15. O-O Qc7 16. Re1 Rd8 17. Ne5 a5 18. Qf3 Bb7 19. Nxf7 Kxf7 20. Rxe6 Kf8 21.
Rxf6+ gxf6 22. Qxf6+ Ke8 23. Re1+ 1-0

[Event "Collado Villalba op-B 35th"]
[Site "Collado Villalba ESP"]
[Date "2018.08.29"]
[Round "6.18"]
[White "Ariza del Castillo, Pablo"]
[Black "Garcia Lopez, Fernando"]
[Result "0-1"]
[WhiteElo "1170"]
[BlackElo "1558"]
[PlyCount "112"]
[EventDate "2018.08.24"]
[EventType "swiss"]
[EventRounds "9"]
[EventCountry "ESP"]
[SourceTitle "Ajedrez en Madrid"]
[Source "lmi"]
[SourceDate "2018.08.24"]

1. d4 Nf6 2. c4 e6 3. Nc3 c5 4. d5 exd5 5. cxd5 d6 6. g3 g6 7. Bg2 Bg7 8. Nf3
O-O 9. O-O Re8 10. a4 Na6 11. Bd2 b6 12. Re1 Bb7 13. e4 Nb4 14. Qb1 Qd7 15. Na2
a5 16. Nxb4 axb4 17. Qc2 b3 18. Qxb3 Nxe4 19. Bf4 Qd8 20. Nd2 Nxd2 21. Bxd2
Rxe1+ 22. Rxe1 Qc7 23. Qb5 Ba6 24. Re8+ Rxe8 25. Qxe8+ Bf8 26. Bh6 Qe7 27. Qxe7
Bxe7 28. Bd2 Kg7 29. f4 Bf6 30. Bc3 Bxc3 31. bxc3 Bc4 32. Bf1 Bxd5 33. Bb5 f5
34. Kf2 Kf6 35. Ke3 h6 36. h4 Bf7 37. Kd3 g5 38. hxg5+ hxg5 39. fxg5+ Kxg5 40.
Ke3 Kg4 41. Kf2 Bd5 42. Bd7 Be4 43. Bb5 d5 44. Be2+ Kg5 45. Ke3 Bc2 46. Bb5 Kg4
47. Kf2 d4 48. cxd4 cxd4 49. Be2+ Kg5 50. Bb5 d3 51. Ke1 Kg4 52. Kd2 Kxg3 53.
Bxd3 Bxd3 54. Kxd3 f4 55. Ke2 f3+ 56. Kf1 f2 0-1

[Event "Collado Villalba op-B 35th"]
[Site "Collado Villalba ESP"]
[Date "2018.08.29"]
[Round "6.20"]
[White "Pardo Robles, Jose Manuel"]
[Black "Rodriguez Gomez, Jose"]
[Result "1/2-1/2"]
[WhiteElo "1795"]
[BlackElo "1534"]
[PlyCount "134"]
[EventDate "2018.08.24"]
[EventType "swiss"]
[EventRounds "9"]
[EventCountry "ESP"]
[SourceTitle "Ajedrez en Madrid"]
[Source "lmi"]
[SourceDate "2018.08.24"]

1. c4 g6 2. d4 Bg7 3. Nc3 Nf6 4. e4 d6 5. h3 O-O 6. Nf3 Nc6 7. Be2 e5 8. d5 Ne7
9. O-O Nd7 10. Ne1 f5 11. f3 f4 12. Nd3 Nf6 13. Bd2 g5 14. c5 Rf7 15. cxd6 cxd6
16. Nb5 Bf8 17. Rc1 Ng6 18. Qc2 Bd7 19. Nf2 h5 20. Bb4 Ne8 21. Qd2 a6 22. Na3
Rg7 23. Qd1 Nf6 24. Nc4 Ne8 25. Ba5 Qe7 26. Nb6 Rb8 27. Nxd7 Qxd7 28. a4 Nf6
29. Rc7 Qe8 30. Rxg7+ Kxg7 31. Bb6 Rc8 32. a5 Nd7 33. Qb3 Nxb6 34. Qxb6 Qd7 35.
b4 Be7 36. b5 Bd8 37. Qa7 axb5 38. a6 Rc7 39. Qb6 bxa6 40. Qxa6 Rb7 41. Rb1 b4
42. Nd3 Bb6+ 43. Kf1 Bc5 44. Nxc5 dxc5 45. Bc4 Ne7 46. Ke2 Nc8 47. Qa2 Nd6 48.
Qc2 Kf6 49. Ra1 Ra7 50. Rxa7 Qxa7 51. Kd3 Ke7 52. Qb2 Qa3+ 53. Qxa3 bxa3 54.
Ba2 Kd7 55. Kc3 Kc7 56. Kb3 Kb6 57. Kxa3 Ka5 58. Kb2 Kb4 59. Bb1 c4 60. Bc2 h4
61. Kc1 Kc3 62. Ba4 Kd3 63. Kd1 Ke3 64. Ke1 c3 65. Bb3 Kd3 66. Kd1 Nb5 67. Bc2+
Ke3 1/2-1/2

[Event "Collado Villalba op-B 35th"]
[Site "Collado Villalba ESP"]
[Date "2018.08.29"]
[Round "6.21"]
[White "Caravantes Camacho, Fernando"]
[Black "Perez Rodrigo, Alicia"]
[Result "1-0"]
[WhiteElo "1561"]
[BlackElo "1351"]
[PlyCount "37"]
[EventDate "2018.08.24"]
[EventType "swiss"]
[EventRounds "9"]
[EventCountry "ESP"]
[SourceTitle "Ajedrez en Madrid"]
[Source "lmi"]
[SourceDate "2018.08.24"]

1. d4 Nf6 2. Nc3 d5 3. Bg5 e6 4. e4 dxe4 5. Nxe4 Be7 6. Nxf6+ Bxf6 7. Bxf6 Qxf6
8. Qd2 O-O 9. O-O-O Nc6 10. f4 a6 11. g4 b5 12. g5 Qxd4 13. Qxd4 Nxd4 14. Bg2
Rd8 15. Bxa8 c6 16. c3 Bd7 17. Rxd4 c5 18. Rd6 Rxa8 19. Rxd7 1-0

[Event "Collado Villalba op-B 35th"]
[Site "Collado Villalba ESP"]
[Date "2018.08.29"]
[Round "6.23"]
[White "Fernandez Garcia, Emiliano"]
[Black "Rapaport, Andres Natalio"]
[Result "1-0"]
[WhiteElo "1545"]
[BlackElo "1277"]
[PlyCount "44"]
[EventDate "2018.08.24"]
[EventType "swiss"]
[EventRounds "9"]
[EventCountry "ESP"]
[SourceTitle "Ajedrez en Madrid"]
[Source "lmi"]
[SourceDate "2018.08.24"]

1. d4 d5 2. Nc3 Nf6 3. Bg5 Bf5 4. f3 c6 5. Bxf6 exf6 6. e4 Bg6 7. Qd2 Bb4 8.
Bd3 O-O 9. O-O-O Qa5 10. Nge2 dxe4 11. Bxe4 Bxe4 12. fxe4 Re8 13. Qf4 Re6 14.
d5 cxd5 15. Rxd5 Qb6 16. Rhd1 Nc6 17. a3 g5 18. Qg3 Be7 19. h4 Rd8 20. Rxd8+
Nxd8 21. Nd5 Bd6 22. Nxb6 Bxg3 1-0

[Event "Collado Villalba op-B 35th"]
[Site "Collado Villalba ESP"]
[Date "2018.08.29"]
[Round "6.24"]
[White "Fernandez Martinez, Luis"]
[Black "Rufo Yebra, Benito"]
[Result "1-0"]
[WhiteElo "1566"]
[BlackElo "1425"]
[PlyCount "97"]
[EventDate "2018.08.24"]
[EventType "swiss"]
[EventRounds "9"]
[EventCountry "ESP"]
[SourceTitle "Ajedrez en Madrid"]
[Source "lmi"]
[SourceDate "2018.08.24"]

1. e4 d6 2. d4 e6 3. Nf3 Be7 4. Bd3 b6 5. O-O Bb7 6. Nc3 Nf6 7. a3 Nh5 8. d5 e5
9. Ne2 h6 10. c4 Bg5 11. g3 Nd7 12. h4 Bf6 13. Kg2 g5 14. hxg5 hxg5 15. Rh1 Qe7
16. g4 Nf4+ 17. Nxf4 Rxh1 18. Qxh1 gxf4 19. Qh5 O-O-O 20. g5 Rh8 21. gxf6 Rxh5
22. fxe7 Nf6 23. Bd2 Kd7 24. Rh1 Kxe7 25. Rxh5 Nxh5 26. Nh4 Ng7 27. f3 Bc8 28.
b4 Kf6 29. Be1 Kg5 30. Kh2 a6 31. Ng2 f5 32. Bh4+ Kh5 33. Bd8 fxe4 34. Bxe4 Bf5
35. Bxc7 Bxe4 36. fxe4 b5 37. cxb5 axb5 38. Bxd6 Kg4 39. Bxe5 Nh5 40. d6 f3 41.
Ne3+ Kg5 42. d7 Nf6 43. Bxf6+ Kxf6 44. d8=Q+ Ke5 45. Qd5+ Kf4 46. Nf1 Kg4 47.
Qf5+ Kh4 48. Ng3 f2 49. Qh5# 1-0